000
00322nam a2200145Ia 4500
005
20251222141803.0
008
251222s9999||||xx |||||||||||||| ||spa||
020
_a
9781631130311
082
_a
613.26/D31
100
_a
Davis, William
245
0
_a
Adicto al Pan:
250
_a
1ra.ed.
264
_b
Aguilar
942
_c
LIB
999
_c
6206
_d
6206